000 01414nam a2200241Ia 4500
003 Ost
005 20260507075427.0
008 260507s9999||||xx |||||||||||||| ||und||
020 _a2745148419
040 _cfsecg
041 _aara
082 _a364.68
100 _aالجميلي، محسن عبد فرحان صالح
_eمؤلف
245 0 _aالغرامة المالية في الحدود والجنايات على النفس البشرية ومادونها في الفقه الاسلامي /
_c محسن عبد فرحان صالح الجميلي
260 _aبيروت:
_bدار الكتب العلمية,
_c2006
300 _a351 صفحة؛
_bإيضاحات ؛
_c24 سم
504 _aببليوغرافيا ص.321-346 (اقتناءات 2014 3ن)
520 _aاحكام الغرامة في الحدود -احكام الغرامة في السرقة -احكام الغرامة في حد الحرابة -احكام الغرامة في حد الخمر -احكام الغرامة في حد القذف -احكام الغرامة في جريمتي البغي والردة -احكام الغرامة في الجنايات -احكام الغرامة في الجناية عن النفس -احكام الغرامة في الجناية عن ما دون النفس
653 _aالجنايات
653 _aالغرامات المالية
653 _aالفقه الإسلامي
942 _cكتاب
999 _c44491
_d44491